<?xml version="1.0" encoding="UTF-8"?><?xml-stylesheet type="text/xsl" href="static/style.xsl"?><OAI-PMH xmlns="http://www.openarchives.org/OAI/2.0/" xmlns:xsi="http://www.w3.org/2001/XMLSchema-instance" xsi:schemaLocation="http://www.openarchives.org/OAI/2.0/ http://www.openarchives.org/OAI/2.0/OAI-PMH.xsd"><responseDate>2026-04-27T12:49:16Z</responseDate><request verb="GetRecord" identifier="oai:uvadoc.uva.es:10324/9037" metadataPrefix="marc">https://uvadoc.uva.es/oai/request</request><GetRecord><record><header><identifier>oai:uvadoc.uva.es:10324/9037</identifier><datestamp>2025-02-03T12:50:30Z</datestamp><setSpec>com_10324_6426</setSpec><setSpec>com_10324_5186</setSpec><setSpec>com_10324_29291</setSpec><setSpec>col_10324_6428</setSpec></header><metadata><record xmlns="http://www.loc.gov/MARC21/slim" xmlns:doc="http://www.lyncode.com/xoai" xmlns:xsi="http://www.w3.org/2001/XMLSchema-instance" xmlns:dcterms="http://purl.org/dc/terms/" xsi:schemaLocation="http://www.loc.gov/MARC21/slim http://www.loc.gov/standards/marcxml/schema/MARC21slim.xsd">
<leader>00925njm 22002777a 4500</leader>
<datafield tag="042" ind1=" " ind2=" ">
<subfield code="a">dc</subfield>
</datafield>
<datafield tag="720" ind1=" " ind2=" ">
<subfield code="a">Domínguez Burrieza, Francisco Javier</subfield>
<subfield code="e">author</subfield>
</datafield>
<datafield tag="260" ind1=" " ind2=" ">
<subfield code="c">2012</subfield>
</datafield>
<datafield tag="520" ind1=" " ind2=" ">
<subfield code="a">En 1858 surgió con fuerza la idea de construir una nueva torre para la Catedral de Valladolid que sustituyese a la derruida en 1841. Varias fueron las opciones que dieron los distintos arquitectos para tal fin, lo que dio lugar a un debate sobre la intervención en el edificio de Juan de Herrera. Con este trabajo quedan documentadas las acciones determinantes sobre la futura torre de la catedral hasta su proyección final, a partir de 1885.</subfield>
</datafield>
<datafield tag="520" ind1=" " ind2=" ">
<subfield code="a">In 1858, the idea of building a new tower for the cathedral of Valladolid arose strongly. It had to substitute to the demolished tower in 1841. Several options were proposed by different architects for this aim. It gave rise to a discussion about the intervention in the building of Juan de Herrera. With this work, the most important actions about the future tower of the cathedral are documented to its final projection, starting on 1885.</subfield>
</datafield>
<datafield tag="024" ind2=" " ind1="8">
<subfield code="a">BSAA Arte: Boletín del Seminario de Estudios de Arte, 2012, N.78, pags.217-236</subfield>
</datafield>
<datafield tag="024" ind2=" " ind1="8">
<subfield code="a">1888-9751</subfield>
</datafield>
<datafield tag="024" ind2=" " ind1="8">
<subfield code="a">http://uvadoc.uva.es/handle/10324/9037</subfield>
</datafield>
<datafield tag="024" ind2=" " ind1="8">
<subfield code="a">217</subfield>
</datafield>
<datafield tag="024" ind2=" " ind1="8">
<subfield code="a">78</subfield>
</datafield>
<datafield tag="024" ind2=" " ind1="8">
<subfield code="a">236</subfield>
</datafield>
<datafield tag="024" ind2=" " ind1="8">
<subfield code="a">BSAA Arte: Boletín del Seminario de Estudios de Arte</subfield>
</datafield>
<datafield ind1=" " ind2=" " tag="653">
<subfield code="a">Arte</subfield>
</datafield>
<datafield tag="245" ind1="0" ind2="0">
<subfield code="a">Una nueva torre para la catedral de Valladolid (1841-1885)</subfield>
</datafield>
</record></metadata></record></GetRecord></OAI-PMH>